000 01215aam a2200325 4500
001 20260
003 CO-MdFUSB
005 20180622072742.0
008 170605t20112012xxu||||g |||| 00| 0 eng d
020 _a978-0-8010-3963-8
040 _aCO-MdFUSB
_bspa
_cCO-MdFUSB
_dCO-MdFUSB
_erda
041 _aeng
082 _224
_aG 220.601
_bG795p
100 1 _aGreen, Joel B.
_eautor
245 1 0 _aPracticing theological interpretation
_b: Engaging biblical texts for faith and formation
_c/ Joel B. Green
264 1 _aGrand Rapids, Michigan :
_bBaker Academic,
_c℗2012
264 4 _c©2011
300 _axiv, 146 páginas
_b:
_c;
336 _2rdacontent
_a1
_ba1
337 _2rdamedia
_a2
_b5
338 _2rdacarrier
_a2
_b5
490 _aTheological explorations for the Church Catholic
501 _aIncluye índices (p. 141-146)
504 _aBibliografía (p. 129- 140)
505 0 0 _aViviendo fielmente en el exilio: ¿Quién lee bien la Biblia? - Escritura y la cristología clásica: La "regla de la fe" y la interpretación teológica - John Wesley, wesleyanos, y la interpretación teológica
563 _aRústico
650 7 _9418
_aHermenéutica
942 _cBK
999 _c46611
_d46611